000
00206nam a22000857a 4500
008
170125b xxu||||| |||| 00| 0 eng d
100
_9
2580
_a
Mohan.R
245
_a
Mathesis-Class-1
260
_a
New delhi
_b
GRB
_c
2012
999
_c
5706
_d
5706